<The> Employees of baby boomers generation, generation X, generation Y and generation Z in selected Czech corporations as conceivers of development and competitiveness in their corporation

Predstavenie štyroch generácií na súčasnom trhu práce: generácia Baby Boomers, generácia X, generácia Y a generácia Z. Výsledky sekundárneho a primárneho výskumu realizovaného vo vybraných korporáciách v Českej republike v roku 2015.

Na minha lista:
Detalhes bibliográficos
Autor principal: Bejtkovský, Jiří
Formato: Capítulo de Livro
Idioma:inglês
Assuntos:
Tags: Adicionar Tag
Sem tags, seja o primeiro a adicionar uma tag!

MARC

LEADER 00000nla a2200000 4500
001 0234764
005 20240417075123.8
041 0 |a eng 
044 |a CZ 
245 1 0 |a <The> Employees of baby boomers generation, generation X, generation Y and generation Z in selected Czech corporations as conceivers of development and competitiveness in their corporation  |c Jiří Bejtkovský 
520 |a Predstavenie štyroch generácií na súčasnom trhu práce: generácia Baby Boomers, generácia X, generácia Y a generácia Z. Výsledky sekundárneho a primárneho výskumu realizovaného vo vybraných korporáciách v Českej republike v roku 2015. 
610 2 0 |a podnik 
610 2 0 |a korporácie 
610 2 0 |a vývoj 
610 2 0 |a konkurencieschopnosť 
610 2 0 |a trh práce 
610 2 0 |a kapitál ľudský 
610 2 0 |a zamestnanci 
610 2 0 |a personalistika 
610 2 0 |a pracovisko 
610 2 0 |a generácie 
610 2 0 |a Česko 
100 1 |a Bejtkovský, Jiří